Diseño de un sistema de abastecimiento de agua potable para el proyecto de barrio “los altos de Estelí” ubicado en el casco urbano del municipio de Estelí, departamento de Estelí

El proyecto pretende estudiar las posibles fuentes para el abastecimiento de la localidad, proponer y diseñar una red de abastecimiento, que beneficiará a 671familias brindando las 24 horas un servicio continuo y de calidad, con un periodo de diseño proyectado a 20 años. Con la ejecución del me...

Full description

Bibliographic Details
Main Authors: Acuña Rubio, Nadieska Jissel, Salgado Rocha, Oscar Moisés, Martínez González, Kevin Alexander
Other Authors: Tutor: Hernández Durán, Noé Salatiel
Format: Tesis Section = Libro
Language:Undetermined
Spanish
Published: Managua UNI 2019
Subjects:
LEADER 01569nam a2200289Ia 4500
008 240830s9999 xx 000 0 und d
040 |a BIBLIOTECA-RUPAP Mon 628.1 A189 
041 |a spa 
082 |a Mon 628.1 A189 
100 1 |a Acuña Rubio, Nadieska Jissel 
100 1 |b Salgado Rocha, Oscar Moisés 
100 1 |c  Martínez González, Kevin Alexander 
245 1 0 |a Diseño de un sistema de abastecimiento de agua potable para el proyecto de barrio “los altos de Estelí” ubicado en el casco urbano del municipio de Estelí, departamento de Estelí 
260 |a Managua  |b UNI  |c 2019 
300 |a 129 p. :il. 
500 |a Contiene: anexos y CD. 
502 |a Tesis (Ingeniero Civil)- UNI, 2019. 
520 3 |a El proyecto pretende estudiar las posibles fuentes para el abastecimiento de la localidad, proponer y diseñar una red de abastecimiento, que beneficiará a 671familias brindando las 24 horas un servicio continuo y de calidad, con un periodo de diseño proyectado a 20 años. Con la ejecución del mencionado proyecto se espera obtener que las familias ocupantes del Barrio “Ciudadela los Altos de Estelí” cuenten con total acceso al servicio de agua potable de calidad y en cantidades suficientes para el periodo de diseño determinado. 
650 7 |a ESTELI-ABASTECIMIENTO DE AGUA 
650 7 |b AGUA POTABLE-PROYECTOS 
650 7 |c CALIDAD DEL AGUA 
650 7 |d DOTACION DE AGUA 
650 7 |e DISEÑO HIDRAULICO 
700 1 |a Tutor:  |b Hernández Durán, Noé Salatiel 
942 |c BK  |2 ddc 
991 |a TESIS 
999 |c 16209